Lipases
Tallennettuna:
| Päätekijät: | , |
|---|---|
| Aineistotyyppi: | Kirja |
| Kieli: | englanti |
| Julkaistu: |
Nueva York
Academic
1997
|
| Sarja: | Methods in enzymology, 284
|
| Aiheet: | |
| Tagit: |
Lisää tagi
Ei tageja, Lisää ensimmäinen tagi!
|
MARC
| LEADER | 00000nam a2200000 a 4500 | ||
|---|---|---|---|
| 001 | UCN1791 | ||
| 003 | CL-VaPUC | ||
| 008 | 010504e19970000US |||||||||||||||||eng|d | ||
| 082 | 0 | 4 | |a 660.634 |b RUB |2 21 |
| 100 | 0 | |a Rubin, Byron |e author |9 457126 | |
| 700 | 0 | |a Dennis, Edward A |e author |9 457127 | |
| 245 | 1 | 0 | |a Lipases |
| 300 | |a v | ||
| 942 | |c BK | ||
| 945 | |d 20010504 00:00:00 |a cmena | ||
| 260 | |a Nueva York |b Academic |c 1997 | ||
| 500 | |a v.1: Biotechnology | ||
| 500 | |a v.2: Enzyme characterization and utilization | ||
| 650 | 7 | |a LIPASAS |2 CL-VaPUC |9 457128 | |
| 650 | 0 | |a Enzimas |9 262984 | |
| 650 | 0 | |a Biotecnología |9 259561 | |
| 650 | 0 | |a Propiedades químicas |9 345805 | |
| 583 | |a last modification |c 20160920 05:43:25 |k Rodrigo Vera | ||
| 490 | 0 | |a Methods in enzymology, 284 | |
| 999 | |c 295016 |d 295014 | ||
| 952 | |0 0 |1 0 |4 0 |6 660_634000000000000_RUB_1997 |7 0 |8 A |9 347854 |a BIBING |b BIBING |d 2019-11-20 |h v.1 |i 3700291 |o 660.634 RUB 1997 |p 3700291 |r 2025-01-20 |w 2019-11-20 |y BK |k EIB | ||
| 952 | |0 0 |1 0 |4 0 |6 660_634000000000000_RUB_1997 |7 0 |8 A |9 347855 |a BIBING |b BIBING |d 2019-11-20 |h v.2 |i 3700305 |o 660.634 RUB 1997 |p 3700305 |r 2025-01-20 |w 2019-11-20 |y BK |k EIB | ||